Statistics for 501st legion

Click here to take the quiz!

General Stats

  • This quiz has been taken 76 times
  • The average score is 3 of 14

Answer Stats

HintAnswer% Correct
captainrex
98%
Generalanakin skywalker
69%
commanderappo
69%
commandervill
6%
commanderbow
5%
commanderkane
5%
captainhull
2%
commanderinvert
2%
lieutenantne'tra
2%
sergeantscrapheap
2%
lieutenantshriek-hawk
2%
commanderviken
2%
sergeantwerda
2%
lieutenanttagger
0%

Score Distribution

Percentile by Number Answered

Percent of People with Each Score

Your Score History

You have not taken this quiz